MARC

LEADER 00000nam0a2200000 4500
001 258137
005 20231101233252.0
035 |a (RuTPU)RU\TPU\book\280975 
035 |a RU\TPU\book\280962 
090 |a 258137 
100 |a 20140423d1987 m y0rusy50 ca 
101 0 |a rus 
102 |a RU 
105 |a a j 001zy 
200 1 |a Основы технической электродинамики  |e учебное пособие  |f Ю. В. Вайслейб [и др.]  |g Ленинградский электротехнический институт связи им. М. А. Бонч-Бруевича 
210 |a Ленинград  |c Изд-во ЛЭИС  |d 1987 
215 |a 64 с.  |c ил. 
320 |a Библиогр.: с. 62. 
606 1 |a Электродинамика техническая  |2 stltpush  |3 (RuTPU)RU\TPU\subj\19948  |9 45108 
610 1 |a электромагнитное поле 
610 1 |a векторы 
610 1 |a уравнения 
610 1 |a электромагнитные волны 
610 1 |a электромагнитные излучения 
610 1 |a мощность 
610 1 |a плоские волны 
610 1 |a учебные пособия 
675 |a 621.3(075.8)  |v 3 
701 1 |a Вайслейб  |b Ю. В. 
701 1 |a Гончаров  |b В. Н. 
701 1 |a Машковцев  |b Б. М. 
701 1 |a Фальковский  |b О. И. 
712 0 2 |a Ленинградский электротехнический институт связи им. М. А. Бонч-Бруевича  |2 stltpush  |3 (RuTPU)RU\TPU\col\12894  |9 25559 
801 1 |a RU  |b 63413507  |c 20140423 
801 2 |a RU  |b 63413507  |c 20141118  |g RCR 
942 |c BK